00647nam a22001931a 450000500170000000800410001702000090005804000260006705000200009308200200011310000330013324500460016626000480021230000220026050001090028260000300039160000290042185200030045020110718133546.0091005s1999 001 0 eng d c0.00 aNEGST Library - Kenya 4aBS 325.Y36 19990 aBS 325.Y36 19991 aSociete Chretienne Biblique.10aBali -le 'fluba 'tre : Zozi blamin pli B. aAbidjan :bSociete Chretienne Bibli,c1999. aviii, 495 p. : i. a"Le Nouveau Testament en yaoure de Cote d'Ivoire." - T.p. verso. Includes maps on end papers. [Africana]10aBible. N.T. Yaoure. 1999.10aYaoure language - Texts.